000 00853cam a2200253 4500
001 J314
008 090401t1975 xxu||||| |||| 00| 0 eng d
035 _a(Sirsi) u74383
041 _aeng
050 _a692.8
090 _aJCT 1975/7A
110 _aJoint Contracts Tribunal
_93664
245 _aAgreement for renovation grant works where an architect/supervising officer is appointed and a renovation grant is to be made under the Housing Act 1974.
260 _aLondon
_bRIBA Publications Ltd.
_c1975
300 _a(12)p. ; 30cm.
350 _a0
520 _aAccompanied by Amendment No.RG 3/1977 issued October 1977.
650 _aBUILT ENVIRONMENT-BUILDING CONTRACT FORMS
650 _aHOUSING ACT 1974
650 _aRENOVATION GRANT WORKS
690 _aBUILT ENVIRONMENT-BUILDING CONTRACT FORMS
942 _n0
948 _c04/03/1997
999 _c95830
_d95830